000 00547nam a2200181Ia 4500
001 54426
008 120214n2009 ii |||gr||||Z||||||465
020 _a978-81-7829-884-9
082 _a323
100 _aSingh.,
_eUjjwal Kumar .
245 0 _aHuman Rights And Peace :
_bIdeas,Laws,Institutions And Movements /
_cUjjwal Kumar Singh edited by .
_hTextual Documents
250 _aIst ed.
260 _aLondon
_bSage Publications
_c2009
300 _a345pg:
_c23cm.
653 _aCivil & Political rights
653 _aDept- Pol.sc
942 _2ddc
_cBK
999 _c54388
_d54388